| 000 | 01257nam0a2200289 4500 | ||
|---|---|---|---|
| 001 | RU\NLR\BIBL_A\012118918 | ||
| 005 | 20200915152536.0 | ||
| 035 | _a(NLR Aleph) 012118918 | ||
| 090 |
_a11982669 _c11982669 |
||
| 100 | _a20191014d1983 u y0rusy50 ca | ||
| 101 | 0 | _arus | |
| 102 | _aRU | ||
| 105 | _aa|||z|||000zy | ||
| 200 | 1 |
_aАсинхронные двигатели с двухслойным ротором и их применение _fВ.С. Могильников, А.М. Олейников, А.Н. Стрельников |
|
| 210 |
_aМосква _cЭнергоатомиздат _d1983 |
||
| 215 |
_a119 с. _cил. _d20 |
||
| 320 | _aБиблиогр.: с. 114-117 (68 назв.) | ||
| 606 | 1 |
_aАсинхронные электрические двигатели _2nlr_sh2 _3RU\NLR\AUTH\661311581 |
|
| 686 | 1 | _aЗ261.632 | |
| 700 | 1 |
_aМогильников _bВ. С. _gВладимир Степанович |
|
| 701 | 1 |
_aОлейников _bА. М. _gАлександр Михайлович |
|
| 701 | 1 |
_aСтрельников _bА. Н. _gАлексей Николаевич |
|
| 852 |
_aNLR _j84-3/3763 |
||
| 942 | _cBOOK | ||
| 980 | _aNB | ||